000 01125nam0a22002651 4500
001 rc\4697602
005 20130416211114.1
021 _aRU
_b[64-25709]
035 _a(NLR Aleph) 008717622
090 _a9397683
_c9397683
100 _a20130416d1964 |||y0rusy50 ca
101 0 _arus
102 _aRU
105 _ay i |||||
200 1 _aЭнергетическое хозяйство СССР и энергетический баланс
_eУчеб. пособие по энергетике для студентов заоч. фак.
_fМ-во высш. и сред. спец. образования СССР. Куйбышевский план. ин-т. Кафедра технологии и энергетики
210 _aКуйбышев
_cБ. и.
_d1964
215 _a48 с.
_d21
606 _aТопливный баланс СССР
_2psbo
606 _aЭнергетическое хозяйство СССР
_2psbo
700 1 _aНиколаева
_bР. С.
_gРимма Сергеевна
801 0 _aRU
_bNLR
_gpsbo
801 1 _aRU
_bELAR
_2rusmarc
852 _aNLR
_j64-6/4302
942 _cBOOK
980 _aNB